| 000 | 00523nam a2200157 i 4500 | ||
|---|---|---|---|
| 001 | 61347 | ||
| 003 | ES-MaACL | ||
| 007 | t| | ||
| 008 | 031111s1985 xxk ||||1| eng d | ||
| 020 | _a0-905118-79-0 | ||
| 245 | 0 | 4 |
_aThe Europa year book 1985 _b: a world survey. |
| 260 |
_aLondon : _bEuropa, _c1985. |
||
| 300 |
_a2 v. ; _c29 cm. |
||
| 505 | 8 | _aContiene: V.I: Part One: International organizations. Part two: Europe. Part three: Afghanistan-Burundi. -- V.II: Cameroon-Zimbabwe | |
| 852 |
_aES-MaACL _jL-8485-6 _bR.109241 |
||
| 999 |
_c61347 _d61347 |
||